000 00459nam a2200145Ia 4500
008 100204s9999 xx 000 0 und d
082 _b14111
100 _aभावे पुरुषोत्तम भास्कर
245 _aरांगोळी
260 _b"नागपूर प्रकाशन, नागपूर"
_c1976
300 _a184
630 _aरांगोळी
730 _aरांगोळी
942 _cBOOK
999 _c458542
_d458539